[Event "I Open Patrimonio de la Humanidad"]
[Site "Alcala de Henares ESP"]
[Date "2006.10.09"]
[Round "3.9"]
[White "Gomez Gonzalez, Javier"]
[Black "Pogorelov, Ruslan"]
[Result "0-1"]
[WhiteElo "2112"]
[BlackElo "2462"]
[PlyCount "54"]
[EventDate "2006.10.07"]
[EventType "swiss"]
[EventRounds "9"]
[EventCountry "ESP"]
[Source "lmi"]
[SourceDate "2006.10.07"]

1. Nf3 Nf6 2. c4 e6 3. g3 a6 4. Bg2 b5 5. d3 c5 6. O-O Bb7 7. Bf4 Be7 8. Nbd2
O-O 9. a4 bxc4 10. Nxc4 d5 11. Nfe5 Ra7 12. Na3 Bd6 13. d4 Bxe5 14. Bxe5 Nc6
15. Bxf6 Qxf6 16. dxc5 Qxb2 17. e3 Rc8 18. Qb1 Qxb1 19. Raxb1 Na5 20. Rfc1 Bc6
21. Rb4 Kf8 22. Bf1 Be8 23. g4 Rcc7 24. g5 Nb7 25. Rb6 Nxc5 26. a5 Bd7 27. h4
Bc8 0-1

[Event "I Open Patrimonio de la Humanidad"]
[Site "Alcala de Henares ESP"]
[Date "2006.10.09"]
[Round "3.11"]
[White "Garcia Martinez, Silvino"]
[Black "Rodriguez Bachiller, Luis"]
[Result "1-0"]
[WhiteElo "2316"]
[BlackElo "1905"]
[PlyCount "73"]
[EventDate "2006.10.07"]
[EventType "swiss"]
[EventRounds "9"]
[EventCountry "ESP"]
[Source "lmi"]
[SourceDate "2006.10.07"]

1. e4 c5 2. Nf3 Nc6 3. d4 cxd4 4. Nxd4 Nf6 5. Nc3 e6 6. Ndb5 d6 7. Bf4 e5 8.
Bg5 a6 9. Bxf6 gxf6 10. Na3 b5 11. Nd5 Be6 12. c3 Bg7 13. Nc2 O-O 14. Nce3 Ne7
15. Bd3 Bxd5 16. exd5 Qd7 17. O-O f5 18. Bxf5 Nxf5 19. Qg4 Kh8 20. Qxf5 Qxf5
21. Nxf5 Rfd8 22. a4 Bf8 23. f4 f6 24. Rfd1 bxa4 25. Rxa4 Rdb8 26. fxe5 fxe5
27. b4 Rc8 28. Ra3 Rc4 29. Rd3 h6 30. Kf2 Kh7 31. Ke2 h5 32. Rh3 Kg6 33. Ne3
Rcc8 34. Rg3+ Kh7 35. Rg5 Kh6 36. h4 Be7 37. Nf5+ 1-0

[Event "I Open Patrimonio de la Humanidad"]
[Site "Alcala de Henares ESP"]
[Date "2006.10.09"]
[Round "3.12"]
[White "Ballesteros Gonzalez, David"]
[Black "Hernandez Del Can, Jose"]
[Result "1-0"]
[WhiteElo "2217"]
[BlackElo "1894"]
[PlyCount "77"]
[EventDate "2006.10.07"]
[EventType "swiss"]
[EventRounds "9"]
[EventCountry "ESP"]
[Source "lmi"]
[SourceDate "2006.10.07"]

1. d4 Nf6 2. c4 g6 3. Nc3 Bg7 4. e4 d6 5. Nf3 O-O 6. Bg5 c5 7. d5 h6 8. Bh4 Re8
9. Be2 Bg4 10. O-O Nbd7 11. Re1 Bxf3 12. Bxf3 Nb6 13. Be2 Nfd7 14. f4 Bf6 15.
Bg3 Bd4+ 16. Kh1 e6 17. dxe6 fxe6 18. Nb5 Qb8 19. Nxd4 cxd4 20. Qxd4 e5 21. Qd2
Kg7 22. Rad1 Nc5 23. Bf1 exf4 24. Bxf4 Kh7 25. Bxd6 Qc8 26. Qf4 Rg8 27. e5 Ne6
28. Qf6 Qe8 29. c5 Nd7 30. Qf2 Rc8 31. Bb5 a6 32. Ba4 Rg7 33. Rf1 Kg8 34. b4
Rd8 35. Bb3 Kh7 36. Qf3 Ndf8 37. Qf6 Kh8 38. Bxf8 Rxd1 39. Bxg7+ 1-0

[Event "I Open Patrimonio de la Humanidad"]
[Site "Alcala de Henares ESP"]
[Date "2006.10.10"]
[Round "4.3"]
[White "Hernandez, Holden"]
[Black "Gonzalez Somoza, Oliver"]
[Result "1-0"]
[WhiteElo "2524"]
[BlackElo "2294"]
[PlyCount "43"]
[EventDate "2006.10.07"]
[EventType "swiss"]
[EventRounds "9"]
[EventCountry "ESP"]
[Source "lmi"]
[SourceDate "2006.10.07"]

1. d4 d5 2. c4 c6 3. Nc3 e6 4. e3 f5 5. Bd3 Nf6 6. Qc2 Ne4 7. Bxe4 fxe4 8. f3
exf3 9. Nxf3 Bb4 10. O-O Nd7 11. e4 Bxc3 12. bxc3 Nf6 13. Bg5 dxe4 14. Nd2 Qa5
15. Bxf6 gxf6 16. Nxe4 f5 17. Nd6+ Ke7 18. c5 b6 19. Qe2 Ba6 20. Qe5 bxc5 21.
Nxf5+ Kd7 22. Qd6+ 1-0

[Event "I Open Patrimonio de la Humanidad"]
[Site "Alcala de Henares ESP"]
[Date "2006.10.10"]
[Round "4.4"]
[White "Sanchez Rojo, Gustavo"]
[Black "Neelotpal, Das"]
[Result "1/2-1/2"]
[WhiteElo "2223"]
[BlackElo "2490"]
[PlyCount "83"]
[EventDate "2006.10.07"]
[EventType "swiss"]
[EventRounds "9"]
[EventCountry "ESP"]
[Source "lmi"]
[SourceDate "2006.10.07"]

1. e4 c5 2. Nc3 e6 3. f4 d5 4. Nf3 a6 5. a4 Nc6 6. d3 d4 7. Ne2 g6 8. g3 Bg7 9.
Bg2 Nge7 10. O-O Rb8 11. Bd2 b5 12. axb5 axb5 13. g4 f5 14. gxf5 exf5 15. Ng3
O-O 16. h4 fxe4 17. Nxe4 c4 18. Qe2 cxd3 19. cxd3 Bg4 20. Qf2 Nd5 21. Qg3 Bf5
22. Ne5 Nce7 23. h5 gxh5 24. Ra7 h4 25. Qxh4 Nc8 26. Rxg7+ Kxg7 27. Qg3+ Kh8
28. Ng5 Rb7 29. Bb4 Rf6 30. Bc5 Rg7 31. Bxd4 Kg8 32. Ng4 Bxg4 33. Bxd5+ Kh8 34.
Qxg4 Nb6 35. Bxf6 Qxf6 36. Bb3 h5 37. Re1 Qd4+ 38. Kh1 Rxg5 39. Re8+ Kh7 40.
Re7+ Kh8 41. Re8+ Kh7 42. Re7+ 1/2-1/2

[Event "I Open Patrimonio de la Humanidad"]
[Site "Alcala de Henares ESP"]
[Date "2006.10.10"]
[Round "4.7"]
[White "Suarez Triguero, Alfonso"]
[Black "Martinez Martin, David"]
[Result "1/2-1/2"]
[WhiteElo "2186"]
[BlackElo "2415"]
[PlyCount "87"]
[EventDate "2006.10.07"]
[EventType "swiss"]
[EventRounds "9"]
[EventCountry "ESP"]
[Source "lmi"]
[SourceDate "2006.10.07"]

1. e4 e6 2. d4 d5 3. exd5 exd5 4. Bd3 c5 5. dxc5 Bxc5 6. Nf3 Nf6 7. O-O O-O 8.
Bg5 h6 9. Bh4 g5 10. Bg3 Ne4 11. c4 Nxg3 12. hxg3 dxc4 13. Bxc4 Qxd1 14. Rxd1
Nc6 15. Nc3 Be6 16. Bxe6 fxe6 17. Ne4 Bb6 18. Rd6 Rae8 19. Rad1 g4 20. Nfd2 Ne5
21. Rf1 Kf7 22. Rxb6 axb6 23. Nd6+ Ke7 24. Nxe8 Rxe8 25. Re1 Nd3 26. Re3 Rd8
27. Nc4 Rd4 28. Nxb6 Nxb2 29. Kf1 Nd3 30. f3 h5 31. a4 Nc5 32. Re5 Nxa4 33.
Nxa4 Rxa4 34. Rb5 Ra7 35. Rxh5 Kd6 36. Rg5 Ra2 37. Ke1 Rxg2 38. Rxg4 b5 39. Rg5
Kc6 40. Kd1 b4 41. Kc1 b3 42. f4 Kd6 43. Kb1 Rd2 44. Kc1 1/2-1/2

[Event "I Open Patrimonio de la Humanidad"]
[Site "Alcala de Henares ESP"]
[Date "2006.10.10"]
[Round "4.10"]
[White "Valbuena Mota, Alejandro"]
[Black "Borges Mateo, Juan"]
[Result "0-1"]
[WhiteElo "2119"]
[BlackElo "2431"]
[PlyCount "64"]
[EventDate "2006.10.07"]
[EventType "swiss"]
[EventRounds "9"]
[EventCountry "ESP"]
[Source "lmi"]
[SourceDate "2006.10.07"]

1. d4 f5 2. g3 Nf6 3. Bg2 g6 4. Nf3 Bg7 5. b4 O-O 6. O-O d6 7. Bb2 c6 8. c4
Nbd7 9. Qb3 Qe8 10. Nc3 e5 11. c5+ Kh8 12. cxd6 e4 13. Nd2 Nb6 14. b5 Be6 15.
Qc2 cxb5 16. Ba3 Qd7 17. Qb2 a6 18. Bc5 Nfd5 19. a4 Nxc3 20. Qxc3 Nxa4 21. Rxa4
bxa4 22. Rb1 b5 23. f3 Rac8 24. fxe4 Qxd6 25. Bxd6 Rxc3 26. Bxf8 Bxf8 27. d5
Bc8 28. e5 a3 29. Kf1 b4 30. d6 a2 31. Ra1 Be6 32. d7 Bxd7 0-1

[Event "I Open Patrimonio de la Humanidad"]
[Site "Alcala de Henares ESP"]
[Date "2006.10.11"]
[Round "5.1"]
[White "Mirzoev, Azer"]
[Black "Moradiabadi, Elshan"]
[Result "1/2-1/2"]
[WhiteElo "2543"]
[BlackElo "2539"]
[PlyCount "76"]
[EventDate "2006.10.07"]
[EventType "swiss"]
[EventRounds "9"]
[EventCountry "ESP"]
[Source "lmi"]
[SourceDate "2006.10.07"]

1. d4 Nf6 2. Nf3 g6 3. g3 Bg7 4. Bg2 O-O 5. O-O d5 6. Nbd2 Bf5 7. c4 c6 8. b3
Ne4 9. Bb2 Nxd2 10. Nxd2 Na6 11. Rc1 Qd7 12. cxd5 cxd5 13. Nf3 Rfc8 14. Ne5 Qd6
15. Qd2 Nb4 16. a3 Nc6 17. Nxc6 Rxc6 18. Rxc6 Qxc6 19. Rc1 Qd7 20. Qa5 Be4 21.
Bxe4 dxe4 22. Rc7 Qd6 23. Qc5 Qxc5 24. Rxc5 Kf8 25. Rc7 Rb8 26. Bc3 Ke8 27. Bb4
Bf6 28. d5 a6 29. Kg2 h5 30. a4 b6 31. e3 a5 32. Ba3 b5 33. Bc5 bxa4 34. bxa4
Rd8 35. Ra7 Rxd5 36. Rxa5 Bc3 37. Ra8+ Kd7 38. Ra7+ Kc6 1/2-1/2

[Event "I Open Patrimonio de la Humanidad"]
[Site "Alcala de Henares ESP"]
[Date "2006.10.11"]
[Round "5.2"]
[White "Perez Gonzalez, Jose Manuel"]
[Black "Kasparov, Sergey"]
[Result "0-1"]
[WhiteElo "2339"]
[BlackElo "2529"]
[PlyCount "96"]
[EventDate "2006.10.07"]
[EventType "swiss"]
[EventRounds "9"]
[EventCountry "ESP"]
[Source "lmi"]
[SourceDate "2006.10.07"]

1. e4 c6 2. d4 d5 3. e5 Bf5 4. Nc3 a6 5. Be3 Qc7 6. g4 Bd7 7. Bg2 e6 8. f4 c5
9. Nf3 cxd4 10. Nxd4 Nc6 11. O-O Nxd4 12. Bxd4 Ne7 13. Kh1 Nc6 14. Bf2 Bb4 15.
Ne2 h5 16. g5 g6 17. Nd4 Nxd4 18. Qxd4 Be7 19. Qb6 Qxb6 20. Bxb6 Rc8 21. c3 Bb5
22. Rfd1 O-O 23. Bf1 Bxf1 24. Rxf1 Bc5 25. Bxc5 Rxc5 26. Rad1 Rc4 27. Kg2 b5
28. a3 Rfc8 29. Rf3 a5 30. Rdd3 b4 31. axb4 axb4 32. Kf2 Rb8 33. b3 Rxc3 34.
Rxc3 bxc3 35. Rxc3 Rb4 36. Kf3 Kf8 37. Rc8+ Ke7 38. Rc7+ Ke8 39. Rc8+ Kd7 40.
Rc3 Rd4 41. h3 Rb4 42. Kg3 d4 43. Rd3 Kc6 44. f5 exf5 45. Kf4 Kd5 46. h4 Ke6
47. Rd1 d3+ 48. Ke3 Rxb3 0-1

[Event "I Open Patrimonio de la Humanidad"]
[Site "Alcala de Henares ESP"]
[Date "2006.10.11"]
[Round "5.3"]
[White "Pogorelov, Ruslan"]
[Black "Hernandez, Holden"]
[Result "0-1"]
[WhiteElo "2462"]
[BlackElo "2524"]
[PlyCount "78"]
[EventDate "2006.10.07"]
[EventType "swiss"]
[EventRounds "9"]
[EventCountry "ESP"]
[Source "lmi"]
[SourceDate "2006.10.07"]

1. d4 Nf6 2. c4 e6 3. Nc3 Bb4 4. e3 O-O 5. Bd3 c5 6. Nf3 d5 7. O-O Nc6 8. a3
Bxc3 9. bxc3 dxc4 10. Bxc4 Qc7 11. Ba2 e5 12. h3 b6 13. d5 e4 14. dxc6 exf3 15.
Qxf3 Qe5 16. Bb2 Bf5 17. Qe2 Qc7 18. g4 Be4 19. c4 Rad8 20. Bxf6 gxf6 21. Rad1
Rxd1 22. Rxd1 Qxc6 23. Bb1 Bxb1 24. Rxb1 Rd8 25. Rd1 Rxd1+ 26. Qxd1 h6 27. Qd5
Qa4 28. Qd3 b5 29. cxb5 c4 30. Qd4 Qc2 31. Qxf6 c3 32. Qxh6 Qd1+ 33. Kg2 Qd5+
34. e4 Qd2 35. Qc6 c2 36. Qe8+ Kg7 37. Qe5+ Kh7 38. Qf5+ Kg8 39. Qc8+ Kg7 0-1

[Event "I Open Patrimonio de la Humanidad"]
[Site "Alcala de Henares ESP"]
[Date "2006.10.11"]
[Round "5.11"]
[White "Moreto Quintana, Alex"]
[Black "Marin, Sebastian"]
[Result "1/2-1/2"]
[WhiteElo "2162"]
[BlackElo "2339"]
[PlyCount "49"]
[EventDate "2006.10.07"]
[EventType "swiss"]
[EventRounds "9"]
[EventCountry "ESP"]
[Source "lmi"]
[SourceDate "2006.10.07"]

1. e4 c5 2. Nf3 d6 3. c4 Bg4 4. Be2 Nc6 5. O-O g6 6. Na3 Bg7 7. Nc2 e6 8. Rb1
Nge7 9. b4 b6 10. Bb2 Bxb2 11. Rxb2 cxb4 12. Nxb4 Nxb4 13. Rxb4 Nc6 14. Qa4 Qd7
15. Rxb6 Rc8 16. Ra6 Bxf3 17. Bxf3 Ke7 18. Qa3 Rhd8 19. Bd1 Qb7 20. e5 Rc7 21.
exd6+ Rxd6 22. Bf3 Qb4 23. Bxc6 Qxa3 24. Rxa3 Rcxc6 25. d3 1/2-1/2

[Event "I Open Patrimonio de la Humanidad"]
[Site "Alcala de Henares ESP"]
[Date "2006.10.11"]
[Round "5.13"]
[White "Gonzalez Rodriguez, Jorge A"]
[Black "Rodriguez Bachiller, Luis"]
[Result "1-0"]
[WhiteElo "2431"]
[BlackElo "1905"]
[PlyCount "85"]
[EventDate "2006.10.07"]
[EventType "swiss"]
[EventRounds "9"]
[EventCountry "ESP"]
[Source "lmi"]
[SourceDate "2006.10.07"]

1. b3 d5 2. e3 Nf6 3. Bb2 g6 4. Bxf6 exf6 5. d4 f5 6. g3 c6 7. Bg2 Nd7 8. Ne2
Nf6 9. O-O Bd6 10. c4 Be6 11. Qd3 O-O 12. Nbc3 Bc7 13. Rac1 Rc8 14. Nf4 Bxf4
15. exf4 Re8 16. Na4 Ne4 17. f3 Nd6 18. c5 Nb5 19. b4 Qf6 20. Rfd1 Bd7 21. Nb2
a6 22. a4 Nc7 23. Qc3 Re7 24. Re1 Rce8 25. Re5 g5 26. fxg5 Qxg5 27. f4 Qg7 28.
Rce1 f6 29. R5e3 Qf7 30. Nd1 Rxe3 31. Rxe3 Rxe3 32. Nxe3 Ne8 33. b5 axb5 34.
axb5 Qh5 35. Qd2 Nc7 36. b6 Nb5 37. h4 Qe8 38. Qd3 Kg7 39. Bh3 Qa8 40. Bxf5
Qa1+ 41. Kg2 Bxf5 42. Nxf5+ Kf8 43. Qe3 1-0

[Event "I Open Patrimonio de la Humanidad"]
[Site "Alcala de Henares ESP"]
[Date "2006.10.11"]
[Round "5.14"]
[White "Garcia Ruido, Ricardo"]
[Black "Sanchez Garcia, Manuel"]
[Result "1-0"]
[WhiteElo "2179"]
[BlackElo "2030"]
[PlyCount "77"]
[EventDate "2006.10.07"]
[EventType "swiss"]
[EventRounds "9"]
[EventCountry "ESP"]
[Source "lmi"]
[SourceDate "2006.10.07"]

1. e4 c5 2. Nf3 Nc6 3. d4 cxd4 4. Nxd4 Nf6 5. Nc3 e5 6. Ndb5 d6 7. Bg5 a6 8.
Na3 b5 9. Bxf6 gxf6 10. Nd5 Bg7 11. c3 Ne7 12. Nxe7 Qxe7 13. Nc2 f5 14. exf5
Bxf5 15. Qf3 Qd7 16. Ne3 O-O 17. Nxf5 Kh8 18. Be2 e4 19. Qh5 Be5 20. Bg4 Qc7
21. O-O Rg8 22. Ne3 Rg7 23. Bf5 Rag8 24. Bxe4 f5 25. Bxf5 Rg5 26. Qh3 Bf4 27.
g3 Bxe3 28. fxe3 d5 29. Rf3 h5 30. Raf1 Qd6 31. Be6 Re8 32. Qh4 Qe5 33. Bf7 Re7
34. Qd4 Kg7 35. Rf4 Kh6 36. R1f3 Kg7 37. h4 Qxd4 38. cxd4 Rg4 39. Bxd5 1-0

[Event "I Open Patrimonio de la Humanidad"]
[Site "Alcala de Henares ESP"]
[Date "2006.10.11"]
[Round "5.15"]
[White "Horcajada Reales, Guillermo"]
[Black "Moreno Sanchez, Alberto"]
[Result "1-0"]
[WhiteElo "2159"]
[BlackElo "1802"]
[PlyCount "103"]
[EventDate "2006.10.07"]
[EventType "swiss"]
[EventRounds "9"]
[EventCountry "ESP"]
[Source "lmi"]
[SourceDate "2006.10.07"]

1. e4 c5 2. d4 cxd4 3. c3 dxc3 4. Nxc3 Nc6 5. Nf3 e6 6. Bc4 Qc7 7. Qe2 Nf6 8.
O-O a6 9. Rd1 Be7 10. Bg5 d6 11. Rac1 O-O 12. Bb3 h6 13. Bf4 Nd7 14. Nd5 exd5
15. exd5 Nb6 16. Qd3 Rd8 17. dxc6 bxc6 18. Qg6 Bf6 19. Rxd6 Nd5 20. Rxd5 Qxf4
21. Rxd8+ Bxd8 22. Re1 Be6 23. Bxe6 Ba5 24. Qxf7+ Qxf7 25. Bxf7+ Kxf7 26. Ne5+
Kf6 27. Re2 Rd8 28. g3 Rd1+ 29. Kg2 c5 30. Ng4+ Kf7 31. Rc2 Bb6 32. Ne3 Rd4 33.
b3 a5 34. Nc4 Bc7 35. Rd2 Rxd2 36. Nxd2 Ke6 37. Kf3 Be5 38. Nc4 Bc3 39. Ke4 Be1
40. f4 Bc3 41. f5+ Kf6 42. Nd6 Bb4 43. Ne8+ Kf7 44. Nc7 g6 45. Nd5 gxf5+ 46.
Kxf5 Be1 47. Ke4 h5 48. Nf4 h4 49. gxh4 Bxh4 50. Nd3 Be7 51. Kd5 Kg6 52. Nxc5
1-0

[Event "I Open Patrimonio de la Humanidad"]
[Site "Alcala de Henares ESP"]
[Date "2006.10.11"]
[Round "5.19"]
[White "Ruano Marco, Javier"]
[Black "Cuadrado Lopez, Francisco Javier"]
[Result "1/2-1/2"]
[WhiteElo "2136"]
[BlackElo "1982"]
[PlyCount "68"]
[EventDate "2006.10.07"]
[EventType "swiss"]
[EventRounds "9"]
[EventCountry "ESP"]
[Source "lmi"]
[SourceDate "2006.10.07"]

1. e4 g6 2. d4 Bg7 3. Nf3 d6 4. Be2 Nf6 5. Nc3 O-O 6. O-O a6 7. Re1 Nbd7 8. Bf1
c5 9. e5 Ne8 10. dxc5 Nxc5 11. Bg5 f6 12. exf6 Nxf6 13. Nd5 e5 14. Bc4 Kh8 15.
b4 Ncd7 16. Qd2 b5 17. Bb3 Bb7 18. Rad1 Nb6 19. Nxb6 Bxf3 20. Nxa8 Bxd1 21.
Qxd1 Qxa8 22. Qxd6 Ne4 23. Qe7 Re8 24. Qxe8+ Qxe8 25. Rxe4 Qd7 26. h3 Qf5 27.
Rg4 h5 28. Rg3 e4 29. h4 Be5 30. Re3 Bd4 31. Re2 Bc3 32. f3 exf3 33. Re8+ Kh7
34. Re7+ Kh8 1/2-1/2

[Event "I Open Patrimonio de la Humanidad"]
[Site "Alcala de Henares ESP"]
[Date "2006.10.11"]
[Round "5.20"]
[White "Sanchez Millan, Eduardo"]
[Black "Valbuena Mota, Alejandro"]
[Result "0-1"]
[WhiteElo "1985"]
[BlackElo "2119"]
[PlyCount "38"]
[EventDate "2006.10.07"]
[EventType "swiss"]
[EventRounds "9"]
[EventCountry "ESP"]
[Source "lmi"]
[SourceDate "2006.10.07"]

1. Nf3 Nf6 2. d4 e6 3. c4 b6 4. g3 Ba6 5. Qc2 c5 6. Bg2 Bb7 7. O-O Nc6 8. Rd1
cxd4 9. Nxd4 Nxd4 10. Rxd4 Bxg2 11. Kxg2 Bc5 12. Rd3 Ng4 13. b4 Bxb4 14. Bb2
O-O 15. Bxg7 Kxg7 16. Qb2+ Qf6 17. Qxb4 Qxf2+ 18. Kh3 f5 19. Rxd7+ Kg6 0-1

[Event "I Open Patrimonio de la Humanidad"]
[Site "Alcala de Henares ESP"]
[Date "2006.10.12"]
[Round "6.1"]
[White "Moradiabadi, Elshan"]
[Black "Kasparov, Sergey"]
[Result "1/2-1/2"]
[WhiteElo "2539"]
[BlackElo "2529"]
[PlyCount "57"]
[EventDate "2006.10.07"]
[EventType "swiss"]
[EventRounds "9"]
[EventCountry "ESP"]
[Source "lmi"]
[SourceDate "2006.10.07"]

1. d4 c5 2. d5 Nf6 3. Bg5 d6 4. Nc3 Nbd7 5. e4 g6 6. Nf3 Bg7 7. h3 a6 8. a4 b6
9. Bc4 O-O 10. O-O Ne8 11. Re1 Ne5 12. Bf1 Nxf3+ 13. Qxf3 Ra7 14. Rad1 f5 15.
Qg3 fxe4 16. Nxe4 Nf6 17. Bxf6 Bxf6 18. Nxf6+ exf6 19. Qb3 Rff7 20. Re3 Rae7
21. Rde1 Re5 22. f4 Rxe3 23. Rxe3 Re7 24. Kf2 Rxe3 25. Qxe3 Kf8 26. Qb3 Kf7 27.
Bc4 a5 28. g4 h6 29. Qe3 1/2-1/2

[Event "I Open Patrimonio de la Humanidad"]
[Site "Alcala de Henares ESP"]
[Date "2006.10.12"]
[Round "6.3"]
[White "Martinez Martin, David"]
[Black "Mirzoev, Azer"]
[Result "1/2-1/2"]
[WhiteElo "2415"]
[BlackElo "2543"]
[PlyCount "118"]
[EventDate "2006.10.07"]
[EventType "swiss"]
[EventRounds "9"]
[EventCountry "ESP"]
[Source "lmi"]
[SourceDate "2006.10.07"]

1. d4 d5 2. c4 Nf6 3. e3 a6 4. Nf3 c6 5. Nbd2 Bf5 6. Be2 e6 7. Nh4 Be4 8. Nxe4
dxe4 9. f4 c5 10. dxc5 Qxd1+ 11. Bxd1 Nfd7 12. Bd2 Nxc5 13. Ke2 Be7 14. g3 a5
15. Bc3 O-O 16. b3 Nc6 17. a3 f5 18. Bc2 Na6 19. Rhd1 Rfd8 20. Rxd8+ Rxd8 21.
Bb2 Kf7 22. Ng2 Bf6 23. Bxf6 Kxf6 24. Rd1 Rxd1 25. Kxd1 e5 26. Kd2 exf4 27.
gxf4 g5 28. fxg5+ Kxg5 29. h3 Kf6 30. Kc3 Ke5 31. Nf4 Ne7 32. b4 axb4+ 33. axb4
Ng6 34. Ng2 b6 35. Bd1 f4 36. exf4+ Nxf4 37. Ne3 Nxh3 38. c5 bxc5 39. b5 Nb8
40. Kc4 Nf2 41. Bh5 Nd3 42. Be8 Kd6 43. Nf5+ Ke6 44. Ng3 Ke5 45. Bc6 Nf2 46.
Kxc5 e3 47. Ne2 h5 48. Kc4 h4 49. Bg2 Nd7 50. Ng1 Nb6+ 51. Kc3 Kf4 52. Ne2+ Kg4
53. Kd4 Nd1 54. Ke4 h3 55. Bxh3+ Kxh3 56. Kf3 Kh2 57. Nd4 Nd5 58. Nc2 Kg1 59.
b6 Nxb6 1/2-1/2

[Event "I Open Patrimonio de la Humanidad"]
[Site "Alcala de Henares ESP"]
[Date "2006.10.12"]
[Round "6.5"]
[White "Suarez Triguero, Alfonso"]
[Black "Neelotpal, Das"]
[Result "0-1"]
[WhiteElo "2186"]
[BlackElo "2490"]
[PlyCount "66"]
[EventDate "2006.10.07"]
[EventType "swiss"]
[EventRounds "9"]
[EventCountry "ESP"]
[Source "lmi"]
[SourceDate "2006.10.07"]

1. e4 c5 2. c4 Nc6 3. Ne2 g6 4. d4 cxd4 5. Nxd4 Bg7 6. Be3 Nf6 7. Nc3 Ng4 8.
Qxg4 Nxd4 9. Qd1 Ne6 10. Rc1 O-O 11. Be2 d6 12. O-O Bd7 13. Qd2 Bc6 14. Nd5 Nc5
15. f3 a5 16. b3 Rb8 17. Rfd1 b6 18. Bf1 Rb7 19. Bg5 f6 20. Be3 Qe8 21. Nc3 f5
22. exf5 gxf5 23. Nb5 Qg6 24. Nd4 Bxd4 25. Bxd4 Bxf3 26. Bxc5 bxc5 27. Rc3 Bxd1
28. Rg3 Bg4 29. Qd5+ Kh8 30. Qxb7 f4 31. Rd3 f3 32. h3 fxg2 33. Qxg2 Rxf1+ 0-1

[Event "I Open Patrimonio de la Humanidad"]
[Site "Alcala de Henares ESP"]
[Date "2006.10.12"]
[Round "6.12"]
[White "Sanchez Rojo, Gustavo"]
[Black "Garcia Chacon, David"]
[Result "1-0"]
[WhiteElo "2223"]
[BlackElo "2040"]
[PlyCount "94"]
[EventDate "2006.10.07"]
[EventType "swiss"]
[EventRounds "9"]
[EventCountry "ESP"]
[Source "lmi"]
[SourceDate "2006.10.07"]

1. e4 e6 2. d4 d5 3. Nd2 dxe4 4. Nxe4 Be7 5. Nf3 Nf6 6. Nxf6+ Bxf6 7. Bd3 Bd7
8. O-O Nc6 9. c3 Ne7 10. Qe2 Ng6 11. Ne5 Bxe5 12. dxe5 Bc6 13. f4 Nh4 14. Be4
Bxe4 15. Qxe4 c6 16. g3 Nf5 17. g4 Ne7 18. Be3 Qd5 19. Qb4 Qb5 20. Qxb5 cxb5
21. Bc5 h5 22. Bxe7 Kxe7 23. g5 g6 24. Rad1 Rad8 25. Kf2 Rd5 26. Rxd5 exd5 27.
Ke3 Ke6 28. Kd4 Rc8 29. b3 a5 30. Rf2 b6 31. Rg2 Rc5 32. f5+ Kxf5 33. Rf2+ Kxg5
34. Rxf7 b4 35. cxb4 axb4 36. Rf2 Rc1 37. e6 Rd1+ 38. Ke5 Rd3 39. Re2 Rc3 40.
e7 Rc8 41. Rg2+ Kh6 42. Kf6 Rc6+ 43. Kf7 Rc7 44. Rxg6+ Kh7 45. Rg5 Kh6 46. Rxd5
Rc2 47. Rd6+ Kh7 1-0

[Event "I Open Patrimonio de la Humanidad"]
[Site "Alcala de Henares ESP"]
[Date "2006.10.12"]
[Round "6.13"]
[White "Sanchez Delgado, Lidia"]
[Black "Blanco Sanchez, Jose Fernando"]
[Result "1-0"]
[WhiteElo "2030"]
[BlackElo "2167"]
[PlyCount "85"]
[EventDate "2006.10.07"]
[EventType "swiss"]
[EventRounds "9"]
[EventCountry "ESP"]
[Source "lmi"]
[SourceDate "2006.10.07"]

1. e4 c6 2. d4 d5 3. Nc3 g6 4. e5 Bf5 5. Nge2 h5 6. h4 Nh6 7. Nf4 e6 8. f3 Be7
9. g3 Nd7 10. Be2 c5 11. Be3 Qb6 12. Qd2 cxd4 13. Bxd4 Qc6 14. Bb5 Qc7 15.
Ncxd5 exd5 16. e6 O-O 17. Bxd7 Kh7 18. Nxd5 Qxg3+ 19. Qf2 Qd6 20. Nxe7 Bxe6 21.
Bxe6 Qxe6+ 22. Qe3 Qxe3+ 23. Bxe3 Rfe8 24. Nd5 Nf5 25. Nf6+ Kg7 26. Nxe8+ Rxe8
27. O-O-O Rxe3 28. Rd7 Rxf3 29. Rxb7 Rf4 30. Rxa7 Nxh4 31. a4 Nf3 32. b3 h4 33.
a5 g5 34. a6 Rf6 35. Kb2 g4 36. Rd1 h3 37. Rd2 Rxa6 38. Rxa6 h2 39. Rd1 Ng1 40.
Ra4 f5 41. Rd6 Kf7 42. Ra7+ Ke8 43. Rb6 1-0

[Event "I Open Patrimonio de la Humanidad"]
[Site "Alcala de Henares ESP"]
[Date "2006.10.12"]
[Round "6.15"]
[White "Valbuena Mota, Alejandro"]
[Black "Carrasco Martinez, Ivan"]
[Result "1-0"]
[WhiteElo "2119"]
[BlackElo "1959"]
[PlyCount "53"]
[EventDate "2006.10.07"]
[EventType "swiss"]
[EventRounds "9"]
[EventCountry "ESP"]
[Source "lmi"]
[SourceDate "2006.10.07"]

1. d4 Nf6 2. c4 g6 3. Nc3 d5 4. Bf4 Bg7 5. Nf3 O-O 6. e3 c6 7. Qb3 b5 8. cxb5
a6 9. b6 Bb7 10. Na4 Nfd7 11. Rc1 e5 12. Nxe5 Qe7 13. Be2 Nxe5 14. Bxe5 Bxe5
15. dxe5 Nd7 16. Qc3 Qh4 17. Qd4 Qg5 18. O-O Rfe8 19. f4 Qe7 20. Bg4 h5 21.
Bxd7 Qxd7 22. Nc5 Qe7 23. f5 Qxe5 24. Qxe5 Rxe5 25. Nxb7 Rb8 26. Nc5 Rxe3 27.
Nd7 1-0

[Event "I Open Patrimonio de la Humanidad"]
[Site "Alcala de Henares ESP"]
[Date "2006.10.12"]
[Round "6.17"]
[White "Pineiro Lozano, Luis"]
[Black "Rodriguez Gonzalez, Alex"]
[Result "0-1"]
[WhiteElo "1958"]
[BlackElo "2061"]
[PlyCount "56"]
[EventDate "2006.10.07"]
[EventType "swiss"]
[EventRounds "9"]
[EventCountry "ESP"]
[Source "lmi"]
[SourceDate "2006.10.07"]

1. e4 d6 2. d4 Nf6 3. Nc3 g6 4. Be2 Bg7 5. h4 c5 6. d5 Qa5 7. Bd2 h5 8. Nf3 a6
9. O-O Qd8 10. a4 O-O 11. Bf4 Ng4 12. Qd2 Nd7 13. Rad1 Nde5 14. Nxe5 dxe5 15.
Bxg4 Bxg4 16. f3 exf4 17. fxg4 Bd4+ 18. Kh2 Be3 19. Qe2 hxg4 20. Qxg4 Kg7 21.
Rf3 Rh8 22. Rh3 Rh5 23. Rf1 Qd6 24. Nd1 Bd4 25. Nf2 c4 26. g3 fxg3+ 27. Rxg3
Be5 28. Rfg1 Rah8 0-1

[Event "I Open Patrimonio de la Humanidad"]
[Site "Alcala de Henares ESP"]
[Date "2006.10.12"]
[Round "6.18"]
[White "Paniagua Tineo, Arturo"]
[Black "Martinez Miura, Enrique"]
[Result "1-0"]
[WhiteElo "2041"]
[BlackElo "1857"]
[PlyCount "77"]
[EventDate "2006.10.07"]
[EventType "swiss"]
[EventRounds "9"]
[EventCountry "ESP"]
[Source "lmi"]
[SourceDate "2006.10.07"]

1. d4 Nf6 2. c4 e6 3. Nf3 b6 4. g3 Bb7 5. Bg2 Be7 6. O-O O-O 7. d5 exd5 8. Nh4
c6 9. cxd5 Nxd5 10. Nf5 d6 11. e4 Nf6 12. Re1 Bc8 13. Nxe7+ Qxe7 14. Bf4 Rd8
15. Nc3 a6 16. Qd4 c5 17. Qe3 Ra7 18. Bg5 Be6 19. Qf4 Nbd7 20. Nd5 Bxd5 21.
exd5 Qf8 22. Qd2 h6 23. Bf4 Nh5 24. Be3 Ne5 25. Qe2 Nf6 26. f4 Neg4 27. Bd2 Re8
28. Qd3 h5 29. Bc3 Nd7 30. Rxe8 Qxe8 31. Re1 Qf8 32. Qf5 Ngf6 33. Qg5 b5 34. b3
b4 35. Ba1 Kh7 36. Bh3 Rc7 37. Bxd7 Rxd7 38. Bxf6 gxf6 39. Qf5+ 1-0